000 00905nas a2200313 4500
001 BR0600422
003 BR-BrBNA
005 20231205105805.0
007 ta
008 230509b bl.|||p| |||| 00| 00por d
040 _aBR-BrBNA
_bpor
_cBiblioteca Nacional de Agricultura
041 _a(Pt)
072 _aE70
100 1 _aOliveira, S.P. de
100 1 _aMuniz, L.B.
100 1 _aMarliere, C.A.
100 1 _aFreitas, S.N.
100 1 _aFonseca, K.Z.
100 1 _aCarvalho, L.R.
100 1 _aCancho, V.G.
245 1 _aHábitos de compra de alimentos da população de Ouro Preto (Minas Gerais)
650 _aALIMENTO
650 _aCONSUMO ALIMENTAR
650 _aCOMPRA
650 _aMINAS GERAIS
773 0 _tSegurança Alimentar e Nutricional (Brazil)
_xISSN 1808-8023
_g(2005), v. 12(1) p. 1-9
_wBR0600422
909 _a202311
_bLúcia
_c55
_dLúcia Elande
942 _2AGRIS
_n0
_cANA
999 _c184687
_d184687